00712nam a2200205Ii 45000010005000000030009000050080041000140400033000550410008000881000028000962450050001242640050001743000012002243360026002363370028002623380027002909400050003179990017003679520122003843660CO-ViMGA241108s9999||||xx |||||||||||||| ||und|| aCO-ViMGAbspaerdacCO-ViMGA0 aspa1 aManuel Iribarren94997310aEl Príncipe de Viana [un destino frustrado] 1aBogotá, Colombia : Montaner y Simón, 1947 avolumen atextbtxt2rdacontent aunmediatedbn2rdamedia avolumebnc2rdacarrier aidficha_siabuc: 3574. -- ficha_no_siabuc:3660 c44651d44651 001040708001aMEVIGERRbMEVIGERRcGENd2006-11-27pECA2210r2024-11-26 09:17:37tEj.1w2024-11-26yBKz3574 | 5241